Ekonomické nástroje na ochranu životného prostredia vo Švédsku.
Na 750. zasadaní Rady OECD (január 1991) sa prijal dokument obsahujúci odporúčania ohľadne využívania ekonomických nástrojov v politikách životného prostredia (ŽP) členských štátov. Prezentácia odporúčaní pre členské štáty OECD a pokynov pre Komisiu ŽP pri OECD. Charakteristika cieľov ekologickej po...
Enregistré dans:
| Auteur principal: | |
|---|---|
| Format: | Chapitre de livre |
| Langue: | slovaque |
| Sujets: | |
| Tags: |
Pas de tags, Soyez le premier à ajouter un tag!
|
MARC
| LEADER | 00000naa a2200000 4500 | ||
|---|---|---|---|
| 001 | r009918 | ||
| 005 | 20220831090506.2 | ||
| 041 | 0 | |a slo | |
| 044 | |a [CS] | ||
| 245 | 1 | 0 | |a Ekonomické nástroje na ochranu životného prostredia vo Švédsku. |c A. Szulényiová |
| 520 | |a Na 750. zasadaní Rady OECD (január 1991) sa prijal dokument obsahujúci odporúčania ohľadne využívania ekonomických nástrojov v politikách životného prostredia (ŽP) členských štátov. Prezentácia odporúčaní pre členské štáty OECD a pokynov pre Komisiu ŽP pri OECD. Charakteristika cieľov ekologickej politiky Švédska a opatrení na jej realizáciu. Zavedenie nových ekologických daní. | ||
| 610 | 2 | 0 | |a ochrana prostredia životného |
| 610 | 2 | 0 | |a nástroje ekonomické |
| 610 | 2 | 0 | |a Švédsko |
| 610 | 2 | 0 | |a ekológia |
| 610 | 2 | 0 | |a dane |
| 610 | 2 | 0 | |a OECD |
| 100 | 1 | |a Szulényiová, A. | |